[Event "4NCL Division 3s"]
[Site "Daventry Court ENG"]
[Date "2015.01.11"]
[Round "4.229"]
[White "Willmoth, Harrison"]
[Black "Leung, Simon"]
[Result "1/2-1/2"]
[WhiteElo "1562"]
[BlackElo "1661"]
[PlyCount "101"]
[EventDate "2015.01.11"]
[WhiteTeam "Barnet Knights 2"]
[BlackTeam "Throw in the Tal"]

1. e4 c5 2. Nf3 Nc6 3. Bb5 d6 4. O-O g6 5. c3 a6 6. Bxc6+ bxc6 7. d4 cxd4 8.
cxd4 Bg7 9. Nc3 Qb6 10. h3 Nf6 11. Rb1 O-O 12. Bf4 Bb7 13. Re1 Rfd8 14. Qe2 c5
15. d5 e6 16. dxe6 fxe6 17. Bxd6 Qxd6 18. e5 Bxf3 19. Qxf3 Qd3 20. Qxd3 Rxd3
21. exf6 Bxf6 22. Ne4 Be7 23. Rbd1 Rd4 24. Nc3 Kf7 25. Re4 Rad8 26. Rde1 Rxe4
27. Rxe4 Rd2 28. Re2 Rxe2 29. Nxe2 Kf6 30. Kf1 Ke5 31. Ke1 Kd5 32. Kd2 Bf6 33.
b3 Bd4 34. f3 e5 35. Kd3 g5 36. Ng3 a5 37. Ne4 h6 38. Ng3 a4 39. Ne4 axb3 40.
axb3 Ke6 41. g4 Kd5 42. Ng3 Bb2 43. Nf5 Bc1 44. Ne3+ Bxe3 45. Kxe3 Kd6 46. Kd2
Kd5 47. Kd3 Kd6 48. Kc4 Kc6 49. Kd3 Kd5 50. Kc3 Kd6 51. b4 {Remaining moves on
both scoresheets differ.} 1/2-1/2

[Event "4NCL Division 3s"]
[Site "Daventry Court ENG"]
[Date "2015.01.11"]
[Round "4.235"]
[White "Flynn, David"]
[Black "Vives, Pepe"]
[Result "0-1"]
[WhiteElo "1876"]
[BlackElo "1937"]
[PlyCount "54"]
[EventDate "2015.01.11"]
[WhiteTeam "e2e4.org.uk 4"]
[BlackTeam "Hackney 2"]

1. e4 g6 2. d4 Bg7 3. Nf3 d6 4. c3 Nf6 5. Bd3 O-O 6. h3 Nbd7 7. Be3 e5 8. O-O
Nh5 9. Qd2 f5 10. exf5 gxf5 11. Bh6 e4 12. Bc4+ Kh8 13. Bxg7+ Nxg7 14. Nh2 c6
15. f3 d5 16. Bb3 Qh4 17. fxe4 fxe4 18. Na3 Nf6 19. Qf2 Qg5 20. Qf4 Qg6 21. Qh4
Nf5 22. Qf2 Ng3 23. Rfe1 Bd7 24. Bd1 Nfh5 25. Bxh5 Nxh5 26. Qe3 Nf4 27. g4 Qh6
0-1

[Event "4NCL Division 3s"]
[Site "Daventry Court ENG"]
[Date "2015.01.11"]
[Round "4.236"]
[White "Chin, Francis CW"]
[Black "David, Ivan"]
[Result "1-0"]
[WhiteElo "2155"]
[BlackElo "1829"]
[PlyCount "41"]
[EventDate "2015.01.11"]
[WhiteTeam "Hackney 2"]
[BlackTeam "e2e4.org.uk 4"]

1. e4 d6 2. d4 Nf6 3. Nc3 e5 4. dxe5 dxe5 5. Qxd8+ Kxd8 6. Bc4 Ke8 7. Nf3 Bd6
8. Be3 a6 9. a3 h6 10. O-O b5 11. Be2 Bb7 12. Nd2 Nbd7 13. f3 Bc5 14. Kf2 Ke7
15. b4 Bxe3+ 16. Kxe3 c5 17. Na2 cxb4 18. axb4 Nb6 19. c4 bxc4 20. Nxc4 Nfd7
21. Na5 1-0

[Event "4NCL Division 3s"]
[Site "Daventry Court ENG"]
[Date "2015.01.11"]
[Round "4.237"]
[White "Atara, Omeet J"]
[Black "Holes, Michal"]
[Result "1/2-1/2"]
[WhiteElo "1692"]
[BlackElo "2040"]
[PlyCount "114"]
[EventDate "2015.01.11"]
[WhiteTeam "e2e4.org.uk 4"]
[BlackTeam "Hackney 2"]

1. c4 Nf6 2. Nc3 g6 3. Nf3 Bg7 4. g3 O-O 5. Bg2 d6 6. O-O Nbd7 7. d3 e5 8. e4
c6 9. Ne1 Nc5 10. b4 Ne6 11. Nc2 Bd7 12. Bd2 Qe7 13. a4 h5 14. h4 Ng4 15. Ne3
Nd4 16. Ne2 f5 17. Nxd4 Nxe3 18. Nxc6 bxc6 19. Bxe3 f4 20. Bd2 Rf7 21. Qe2 Raf8
22. Qd1 Qe6 23. Re1 fxg3 24. fxg3 Rf2 25. Re2 R2f7 26. Re1 Qe7 27. Bg5 Bf6 28.
Bxf6 Rxf6 29. Qd2 Bg4 30. Rf1 Bf3 31. Rf2 Bxg2 32. Rxg2 Rf3 33. Qe2 Qe6 34. Kh2
Qg4 35. Rag1 R8f4 36. Re1 Rf7 37. Reg1 g5 38. Kh1 Kf8 39. Rh2 gxh4 40. Rxh4 Qg8
41. Rh3 R7f4 42. Qg2 Qg4 43. Rh2 Rf2 44. Qh3 Qf3+ 45. Rhg2 Rf6 46. Qc8+ Kg7 47.
Qd7+ Kh6 48. Qc8 Rg6 49. Qh8+ Kg5 50. Qd8+ Qf6 51. Qxf6+ Rgxf6 52. Kh2 Kg4 53.
Rxf2 Rxf2+ 54. Rg2 Rf3 55. Rd2 Re3 56. b5 cxb5 57. cxb5 Re1 1/2-1/2

[Event "4NCL Division 3s"]
[Site "Daventry Court ENG"]
[Date "2015.01.11"]
[Round "4.245"]
[White "Blake, J Morgan"]
[Black "Bin-Suhayl, Ieysaa"]
[Result "1-0"]
[WhiteElo "1707"]
[BlackElo "1827"]
[PlyCount "77"]
[EventDate "2015.01.11"]
[WhiteTeam "Sussex Martlets 2"]
[BlackTeam "Broadland Harnsers [2]"]

1. e4 e6 2. d4 d5 3. Nc3 Nf6 4. Bg5 Be7 5. e5 Nfd7 6. h4 h6 7. Qh5 g6 8. Bxe7
Qxe7 9. Qf3 a6 10. Qe3 c5 11. Nge2 Nc6 12. f4 h5 13. dxc5 Qxc5 14. Qxc5 Nxc5
15. O-O-O b5 16. Nd4 Bb7 17. Nxc6 Bxc6 18. Rd4 Ke7 19. Be2 Rab8 20. b4 Nd7 21.
a4 Rhc8 22. a5 Rh8 23. Bf3 Rbc8 24. Rhd1 Bb7 25. Ne4 Nxe5 26. fxe5 dxe4 27.
Rd7+ Kf8 28. Rxb7 exf3 29. gxf3 Rc4 30. Rdd7 Rh7 31. Rb8+ Kg7 32. Rb6 Rxh4 33.
Rxe6 Rh1+ 34. Kb2 h4 35. Rxa6 h3 36. Rf6 Kh6 37. Rf4 h2 38. Rh4+ Kg7 39. Rxf7+
1-0

[Event "4NCL Division 3s"]
[Site "Daventry Court ENG"]
[Date "2015.01.11"]
[Round "4.246"]
[White "Bin-Suhayl, Yousuf"]
[Black "Woods, Timothy J"]
[Result "0-1"]
[WhiteElo "1742"]
[BlackElo "1751"]
[PlyCount "84"]
[EventDate "2015.01.11"]
[WhiteTeam "Broadland Harnsers [2]"]
[BlackTeam "Sussex Martlets 2"]

1. Nf3 g6 2. g3 Bg7 3. c4 d6 4. Bg2 e5 5. O-O Nc6 6. Nc3 f5 7. e3 Nf6 8. d4 O-O
9. Rb1 a5 10. a3 e4 11. Nd2 Re8 12. b4 axb4 13. axb4 Qe7 14. b5 Nd8 15. Bb2 Nf7
16. Ra1 Rxa1 17. Qxa1 Ng5 18. h4 Ne6 19. f3 Bh6 20. f4 Ng4 21. Nd5 Qf7 22. Bh3
Ng7 23. Bxg4 fxg4 24. Qa5 c6 25. Nc7 Re7 26. b6 Nf5 27. Qa8 Qf8 28. Ba3 Bg7 29.
Re1 Qd8 30. Nf1 Nxd4 31. exd4 Bxd4+ 32. Ne3 Bxb6 33. Bxd6 Qxd6 34. Qxc8+ Kf7
35. Qh8 Rxc7 36. Qxh7+ Kf6 37. Qh6 Bxe3+ 38. Rxe3 Qd1+ 39. Kf2 Qd2+ 40. Re2 e3+
41. Kf1 Qd1+ 42. Re1 Qf3+ 0-1

[Event "4NCL Division 3s"]
[Site "Daventry Court ENG"]
[Date "2015.01.11"]
[Round "4.248"]
[White "Saravanan, Karthik"]
[Black "Hinterreither, Nikolai"]
[Result "1-0"]
[WhiteElo "1502"]
[BlackElo "1658"]
[PlyCount "41"]
[EventDate "2015.01.11"]
[WhiteTeam "Broadland Harnsers [2]"]
[BlackTeam "Sussex Martlets 2"]

1. e4 c5 2. Nf3 Nc6 3. d3 g6 4. g3 Bg7 5. Bg2 e6 6. O-O Nge7 7. Nbd2 O-O 8. Re1
d5 9. h4 Re8 10. e5 Qc7 11. Qe2 Nf5 12. c3 d4 13. c4 b6 14. Ne4 Bb7 15. Bf4 Qd7
16. g4 Nfe7 17. g5 Nf5 18. Nh2 Nxe5 19. Bxe5 Bxe4 20. Qxe4 Nd6 21. Qf4 1-0

[Event "4NCL Division 3s"]
[Site "Daventry Court ENG"]
[Date "2015.01.11"]
[Round "4.249"]
[White "Graham, Cassie M"]
[Black "Badger, Paul E R"]
[Result "1/2-1/2"]
[WhiteElo "1643"]
[BlackElo "1877"]
[PlyCount "101"]
[EventDate "2015.01.11"]
[WhiteTeam "Sussex Martlets 2"]
[BlackTeam "Broadland Harnsers [2]"]

1. e4 c5 2. Nc3 e6 3. f4 d5 4. Nf3 dxe4 5. Nxe4 Nc6 6. Bb5 Bd7 7. O-O a6 8.
Bxc6 Bxc6 9. Ng3 Nf6 10. Re1 Be7 11. f5 O-O 12. fxe6 fxe6 13. Qe2 Bd6 14. d3
Bxf3 15. Qxf3 Qd7 16. Ne4 Nxe4 17. Qxe4 Rae8 18. Bd2 Qc7 19. Qh4 Be5 20. Bc3
Bf6 21. Bxf6 Rxf6 22. Re4 Ref8 23. Rae1 Rh6 24. Qg3 Qxg3 25. hxg3 Kf7 26. Rf1+
Rf6 27. Rh4 Rxf1+ 28. Kxf1 Kg6+ 29. Ke2 Rf5 30. Re4 Kf6 31. Rc4 b5 32. Rh4 h5
33. a4 Ke5 34. axb5 axb5 35. g4 hxg4 36. Rxg4 g5 37. Ke3 Kf6 38. d4 c4 39. Re4
Rf1 40. Kd2 Rf4 41. Rxf4+ gxf4 42. Ke2 Kf5 43. Kf3 b4 44. c3 bxc3 45. bxc3 e5
46. dxe5 Kxe5 47. Kf2 Kf5 48. Kf3 Ke5 49. Kf2 Ke4 50. Ke2 Ke5 51. Kf2 1/2-1/2

[Event "4NCL Division 3s"]
[Site "Daventry Court ENG"]
[Date "2015.01.11"]
[Round "4.250"]
[White "Van der Veen, Ailko"]
[Black "Dean, Michael J"]
[Result "1-0"]
[WhiteElo "1673"]
[BlackElo "1574"]
[PlyCount "67"]
[EventDate "2015.01.11"]
[WhiteTeam "Broadland Harnsers [2]"]
[BlackTeam "Sussex Martlets 2"]

1. e4 e5 2. Nf3 Nc6 3. Bc4 Bc5 4. c3 Nf6 5. d3 O-O 6. Bg5 d6 7. Nbd2 a6 8. Nb3
Ba7 9. d4 Re8 10. d5 Nb8 11. O-O h6 12. Bxf6 Qxf6 13. Qd2 Bg4 14. Be2 Nd7 15.
c4 Qe7 16. Na5 Rab8 17. b4 Nf6 18. Qc2 Nh5 19. h3 Bd7 20. Rfc1 Nf4 21. Bf1 Qf6
22. c5 Nxh3+ 23. gxh3 Qxf3 24. Bg2 Qh5 25. Qd3 f5 26. Qg3 fxe4 27. cxd6 Bd4 28.
Rab1 Rf8 29. dxc7 Bxf2+ 30. Qxf2 Rxf2 31. cxb8=Q+ Rf8 32. Qd6 Bxh3 33. Bxh3
Qxh3 34. Qe6+ 1-0

[Event "4NCL Division 3s"]
[Site "Daventry Court ENG"]
[Date "2015.01.11"]
[Round "4.255"]
[White "Kourtseva, Julie"]
[Black "Gallagher, Daniel GH"]
[Result "0-1"]
[WhiteElo "1760"]
[BlackElo "1814"]
[PlyCount "72"]
[EventDate "2015.01.11"]
[WhiteTeam "Midland Monarchs 2"]
[BlackTeam "Check Us Out"]

1. d4 Nf6 2. Nf3 e6 3. e3 c5 4. Bd3 b6 5. O-O Bb7 6. Nbd2 d5 7. b3 Be7 8. Bb2
O-O 9. c4 Nc6 10. Rc1 Rc8 11. Bb1 Qc7 12. Ne5 Rfd8 13. Ndf3 dxc4 14. bxc4 cxd4
15. exd4 Bc5 16. Nxc6 Qxc6 17. d5 exd5 18. Ne5 Qd6 19. Qf3 Rc7 20. cxd5 Bxd5
21. Qg3 Be4 22. Bxe4 Nxe4 23. Qf4 Qd2 24. Qxe4 Qxb2 25. Nd3 Bxf2+ 26. Rxf2
Rxc1+ 27. Nxc1 Qxc1+ 28. Rf1 Qc5+ 29. Kh1 Qd5 30. Qe7 Qd7 31. Qa3 h6 32. h3 Re8
33. Rc1 Qd2 34. Rc7 Re1+ 35. Kh2 Qf4+ 36. Qg3 Rh1+ 0-1

[Event "4NCL Division 3s"]
[Site "Daventry Court ENG"]
[Date "2015.01.11"]
[Round "4"]
[White "Golding, James"]
[Black "Jina, Asha"]
[Result "1-0"]
[WhiteElo "1748"]
[BlackElo "1545"]
[PlyCount "97"]
[EventDate "2015.01.11"]
[WhiteTeam "Check Us Out"]
[BlackTeam "Midland Monarchs 2"]

1. d4 Nf6 2. c4 g6 3. Nc3 Bg7 4. e4 d6 5. f3 O-O 6. Be3 e5 7. d5 c6 8. Qd2 cxd5
9. cxd5 a6 10. a4 Nbd7 11. a5 Ne8 12. g4 f5 13. gxf5 gxf5 14. exf5 Rxf5 15. Bd3
Rf8 16. Bg5 Nef6 17. Na4 Qe8 18. O-O-O Qd8 19. Kb1 b5 20. axb6 Nxb6 21. Nc3 Bd7
22. Bc2 Rb8 23. Qd3 Rf7 24. Nge2 Qc7 25. Rdg1 Kf8 26. Rg2 Nc4 27. Nd1 Qc5 28.
Bb3 Na5 29. Ba2 Qb5 30. Qa3 Bf5+ 31. Ka1 Qb4 32. Qe3 Qa4 33. Nc1 Nc4 34. Qg1
Rc8 35. Bxf6 Nd2 36. Bxg7+ Rxg7 37. Nc3 Rxc3 38. bxc3 Qa5 39. Ne2 Qa3 40. Qb6
Rxg2 41. Qd8+ Kg7 42. Qe7+ Kg6 43. Qe8+ Kg5 44. Qd8+ Kh5 45. Ng3+ Rxg3 46.
hxg3+ Kg6 47. Qg8+ Kf6 48. Qf8+ Kg5 49. Qh6# 1-0

[Event "4NCL Division 3s"]
[Site "Daventry Court ENG"]
[Date "2015.01.11"]
[Round "4.1"]
[White "Pramod Paleri, Adithya P"]
[Black "Remus-Elliott, Luke"]
[Result "0-1"]
[WhiteElo "1461"]
[BlackElo "1462"]
[PlyCount "96"]
[EventDate "2015.01.11"]
[WhiteTeam "Midland Monarchs 2"]
[BlackTeam "Check Us Out"]

1. d4 Nf6 2. c4 g6 3. Nc3 Bg7 4. e4 d6 5. f3 c6 6. Be3 a6 7. Qd2 b5 8. Bd3 O-O
9. a3 Nbd7 10. Nge2 e5 11. O-O Nb6 12. cxb5 axb5 13. Rac1 Be6 14. Bg5 Bc4 15.
Rfd1 Bb3 16. Re1 Nc4 17. Bxc4 Bxc4 18. Qc2 Qb6 19. Be3 Nd7 20. Qd2 exd4 21.
Nxd4 c5 22. Nde2 Ne5 23. Nf4 Qc6 24. Ncd5 Kh8 25. Rc3 Bxd5 26. Qxd5 Qxd5 27.
Nxd5 Nc4 28. Rb3 Bxb2 29. Rxb5 Rxa3 30. Bg5 Bd4+ 31. Kh1 f6 32. Bf4 Rfa8 33.
Rbb1 Ra1 34. Rxa1 Bxa1 35. Rc1 Bb2 36. Rd1 Bd4 37. Nc7 Ra2 38. Nb5 g5 39. Nxd6
Nb2 40. Nf7+ Kg7 41. Rc1 Kxf7 42. Bd6 Nd3 43. Rb1 Nf2+ 44. Kg1 Nxe4+ 45. Kf1
Nd2+ 46. Ke1 Nxb1 47. Kd1 Nc3+ 48. Ke1 Be3 0-1

[Event "4NCL Division 3s"]
[Site "Daventry Court ENG"]
[Date "2015.01.11"]
[Round "4.2"]
[White "Purvis, Anna"]
[Black "Akeya-Price, Robert A"]
[Result "1/2-1/2"]
[WhiteElo "1422"]
[BlackElo "1474"]
[PlyCount "67"]
[EventDate "2015.01.11"]
[WhiteTeam "Check Us Out"]
[BlackTeam "Midland Monarchs 2"]

1. d4 Nf6 2. c4 e6 3. Nf3 d5 4. g3 b6 5. Bg2 Nbd7 6. Qc2 Bb7 7. O-O Bd6 8. b3
O-O 9. Nbd2 Rc8 10. Bb2 c5 11. dxc5 Nxc5 12. Qd1 Nce4 13. Rc1 Qe7 14. Nxe4 Nxe4
15. Qd4 f5 16. e3 Rfd8 17. Rfd1 Rb8 18. Ne5 Qf6 19. Nf3 Qe7 20. Ne5 Rbc8 21.
cxd5 Bxd5 22. Rxc8 Rxc8 23. Rc1 Rxc1+ 24. Bxc1 Qc7 25. Bb2 Qc5 26. Nd3 Qxd4 27.
Bxd4 g5 28. Ne5 Kf8 29. f3 Nd2 30. f4 Bxg2 31. Kxg2 Bxe5 32. Bxe5 g4 33. Kf2 b5
34. Kg2 1/2-1/2

[Event "4NCL Division 3s"]
[Site "Daventry Court ENG"]
[Date "2015.01.11"]
[Round "4.3"]
[White "Rahulan, Thivyaa"]
[Black "Remus-Elliott, Tai"]
[Result "1-0"]
[WhiteElo "1381"]
[BlackElo "1016"]
[PlyCount "107"]
[EventDate "2015.01.11"]
[WhiteTeam "Midland Monarchs 2"]
[BlackTeam "Check Us Out"]

1. d4 d5 2. Nf3 Bg4 3. e3 Nf6 4. c4 e6 5. Nc3 Bb4 6. Bd2 O-O 7. Be2 Nbd7 8. Qb3
Bxc3 9. Bxc3 Nb6 10. Bb4 Bxf3 11. gxf3 dxc4 12. Bxc4 Re8 13. Be2 Nbd5 14. Bc3
Nxc3 15. Qxc3 Qd6 16. f4 Qc6 17. Qxc6 bxc6 18. Rc1 a5 19. Rxc6 Ra7 20. Kd2 a4
21. a3 Rb8 22. Rhc1 Nd5 23. R1c2 Rab7 24. Kc1 g6 25. Bf3 Rc8 26. Ra6 Rb6 27.
Rxa4 Rcb8 28. Bxd5 exd5 29. Ra7 R6b7 30. Ra5 c6 31. Rac5 Rb6 32. Rxc6 Rxc6 33.
Rxc6 Kg7 34. b4 Kh6 35. Rc7 f5 36. Kb2 Rh8 37. Kb3 Kh5 38. f3 Kh4 39. a4 h6 40.
Rc2 Re8 41. Rc3 Kh3 42. b5 Kxh2 43. b6 Rb8 44. a5 Kg3 45. Rc6 Kxf3 46. a6 h5
47. a7 Rh8 48. b7 h4 49. b8=Q Rh6 50. a8=Q h3 51. Rc1 h2 52. Qxd5+ Kg3 53. Qba8
h1=N 54. Qg2+ 1-0

[Event "4NCL Division 3s"]
[Site "Daventry Court ENG"]
[Date "2015.01.11"]
[Round "4.4"]
[White "Golding, William"]
[Black "Johnson, Elizabeth"]
[Result "1-0"]
[WhiteElo "1382"]
[BlackElo "1364"]
[PlyCount "83"]
[EventDate "2015.01.11"]
[WhiteTeam "Check Us Out"]
[BlackTeam "Midland Monarchs 2"]

1. d4 d5 2. Nf3 Nf6 3. c4 e6 4. e3 c6 5. Bd2 Ne4 6. Nc3 Nxd2 7. Qxd2 Bb4 8. a3
Ba5 9. b4 Bc7 10. c5 b6 11. Be2 O-O 12. O-O Re8 13. Ne5 f6 14. Nd3 e5 15. Rfe1
f5 16. cxb6 axb6 17. g3 Nd7 18. dxe5 Bxe5 19. Nxe5 Nxe5 20. b5 Bb7 21. bxc6
Bxc6 22. Rad1 Qb8 23. Nxd5 Qb7 24. Qa2 Kh8 25. Rd2 Red8 26. Red1 Bb5 27. Bxb5
Nf3+ 28. Kg2 Nxd2 29. Rxd2 Ra5 30. Bc4 Rc5 31. Bb3 h6 32. f3 Qd7 33. Rd3 Qb5
34. Rd1 Re8 35. Nf4 Rxe3 36. Rd8+ Re8 37. Ng6+ Kh7 38. Bg8+ Rxg8 39. Qxg8+ Kxg6
40. Rd6+ Kh5 41. Qf7+ g6 42. Qxg6# 1-0

[Event "4NCL Division 3s"]
[Site "Daventry Court ENG"]
[Date "2015.01.11"]
[Round "4.189"]
[White "Milson, Amy F"]
[Black "Ogunshola, Ben"]
[Result "0-1"]
[WhiteElo "1674"]
[BlackElo "2161"]
[PlyCount "54"]
[EventDate "2015.01.11"]
[WhiteTeam "e2e4.org.uk 5"]
[BlackTeam "The Pitstop"]

1. e4 d6 2. d4 g6 3. c3 Nf6 4. Bd3 e5 5. h3 Qe7 6. d5 Bg7 7. Be3 O-O 8. Ne2 c6
9. c4 Nh5 10. g4 Nf4 11. Rh2 Qh4 12. Ng3 Bxg4 13. Qxg4 Nxd3+ 14. Ke2 Qxg4+ 15.
hxg4 Nxb2 16. Na3 Na6 17. Rah1 Na4 18. Rxh7 N6c5 19. Bg5 Nc3+ 20. Kd2 N3xe4+
21. Ke2 Nxg5 22. R7h2 a6 23. Rb1 cxd5 24. cxd5 b5 25. Nc2 Na4 26. Rb3 Rfc8 27.
Kd2 Rc4 0-1

[Event "4NCL Division 3s"]
[Site "Daventry Court ENG"]
[Date "2015.01.11"]
[Round "4.192"]
[White "Sloan, Hamish"]
[Black "Snook-Lumb, Chris"]
[Result "1-0"]
[WhiteElo "1601"]
[BlackElo "1700"]
[PlyCount "41"]
[EventDate "2015.01.11"]
[WhiteTeam "The Pitstop"]
[BlackTeam "e2e4.org.uk 5"]

1. e4 c5 2. Nf3 d6 3. d4 cxd4 4. Nxd4 Nf6 5. Nc3 a6 6. Be2 e6 7. O-O Be7 8. Be3
O-O 9. f4 b5 10. Bf3 Bb7 11. e5 Bxf3 12. Qxf3 dxe5 13. fxe5 Nd5 14. Nxd5 Qxd5
15. Qxd5 exd5 16. Nf5 Re8 17. Rad1 Nc6 18. Rxd5 Nb4 19. Nxe7+ Rxe7 20. Rc5 Rd8
21. Bg5 1-0

[Event "4NCL Division 3s"]
[Site "Daventry Court ENG"]
[Date "2015.01.11"]
[Round "4.190"]
[White "Hung, Dylan"]
[Black "Homer, Neil S"]
[Result "0-1"]
[WhiteElo "1339"]
[BlackElo "1716"]
[PlyCount "148"]
[EventDate "2015.01.11"]
[WhiteTeam "Barnet Knights 3"]
[BlackTeam "e2e4.org.uk 5"]

1. c4 e6 2. d4 d5 3. Nc3 c5 4. Nf3 cxd4 5. Qxd4 Nc6 6. Qd1 d4 7. Nb5 e5 8. e3
a6 9. Na3 Bb4+ 10. Bd2 Bxd2+ 11. Qxd2 Nf6 12. exd4 exd4 13. Nc2 O-O 14. Be2 Qb6
15. Rb1 Bf5 16. O-O Bxc2 17. Qxc2 Rad8 18. Rfd1 Rfe8 19. c5 Qc7 20. b4 Rd7 21.
Qb2 Red8 22. a4 Ne4 23. b5 axb5 24. axb5 Nc3 25. bxc6 Nxd1 26. Rxd1 bxc6 27.
Rxd4 Rxd4 28. Nxd4 Qe5 29. h3 Qxd4 30. Qb6 Qa1+ 31. Bf1 Qa8 32. Ba6 Rb8 33. Qc7
Rb1+ 34. Kh2 Qb8 35. Qxb8+ Rxb8 36. Bd3 Rb3 37. Be4 Rc3 38. Bxc6 Rxc5 39. Be4
h6 40. f3 Kf8 41. g4 Ke7 42. h4 Kf6 43. Kg3 Ke5 44. h5 Rc3 45. Kh4 Kf4 46. Kh3
Re3 47. Kh4 Re1 48. Kh3 Re2 49. Bd5 f5 50. gxf5 Kxf5 51. Be4+ Kf4 52. Bd5 Re5
53. Bf7 Kxf3 54. Kh4 Kf4 55. Kh3 Rg5 56. Kh4 Rg1 57. Be6 g5+ 58. hxg6 Rxg6 59.
Bf7 Rg5 60. Kh3 Rg7 61. Bd5 Kg5 62. Kh2 Rd7 63. Bf3 Rd4 64. Kg2 h5 65. Kh2 h4
66. Kg2 Kf4 67. Bc6 Rc4 68. Bd5 Rc3 69. Kh2 Rg3 70. Kh1 Rd3 71. Bg2 Kg3 72. Bf1
Rd1 73. Kg1 h3 74. Kh1 Rxf1# 0-1

[Event "4NCL Division 3s"]
[Site "Daventry Court ENG"]
[Date "2015.02.15"]
[Round "6.55"]
[White "Compton, Alistair"]
[Black "Polaczek, Richard"]
[Result "0-1"]
[WhiteElo "2084"]
[BlackElo "2430"]
[PlyCount "76"]
[EventDate "2015.02.15"]
[WhiteTeam "The Rookies"]
[BlackTeam "Broadland Bitterns [1]"]

1. e4 e6 2. d4 d5 3. Nc3 Nf6 4. e5 Nfd7 5. f4 c5 6. Nf3 Nc6 7. Be3 a6 8. Qd2 b5
9. dxc5 Bxc5 10. Bd3 Qb6 11. Nd1 b4 12. Qf2 a5 13. O-O Ba6 14. Kh1 h6 15. Bxc5
Nxc5 16. Bxa6 Rxa6 17. Qg3 O-O 18. Nf2 Ne7 19. Rae1 Rc8 20. Nh4 Ne4 21. Nxe4
dxe4 22. f5 exf5 23. Rxf5 Ng6 24. Nxg6 Qxg6 25. Qxg6 Rxg6 26. g3 Rxc2 27. Rxe4
Rgc6 28. Ref4 Rxb2 29. Rf2 Rc1+ 30. Rf1 Rxf1+ 31. Rxf1 Rxa2 32. e6 Re2 33. Ra1
Re5 34. Kg2 Kf8 35. Rf1 Ke7 36. Rxf7+ Kxe6 37. Rxg7 Rb5 38. Rg6+ Kf7 0-1

[Event "4NCL Division 3s"]
[Site "Daventry Court ENG"]
[Date "2015.02.15"]
[Round "6.56"]
[White "Dilleigh, Stephen P"]
[Black "Jones, Christopher M"]
[Result "1/2-1/2"]
[WhiteElo "2118"]
[BlackElo "2077"]
[PlyCount "52"]
[EventDate "2015.02.15"]
[WhiteTeam "Broadland Bitterns [1]"]
[BlackTeam "The Rookies"]

1. Nf3 e6 2. c4 f5 3. g3 Nf6 4. Bg2 Be7 5. O-O O-O 6. b3 d6 7. d4 Qe8 8. Nc3
Qh5 9. Ba3 Nc6 10. d5 Nd8 11. dxe6 Nxe6 12. e3 Nc5 13. Nd4 Qxd1 14. Raxd1 Nce4
15. Nde2 Be6 16. f3 Nxc3 17. Nxc3 a6 18. f4 Rab8 19. e4 Nxe4 20. Nxe4 fxe4 21.
Bxe4 Bg4 22. Bd5+ Kh8 23. Rde1 Bf6 24. Be6 Bxe6 25. Rxe6 Rbe8 26. Rfe1 Rxe6
1/2-1/2

[Event "4NCL Division 3s"]
[Site "Daventry Court ENG"]
[Date "2015.02.15"]
[Round "6.57"]
[White "Piper, Stephen J"]
[Black "McEwan, Ken B"]
[Result "0-1"]
[WhiteElo "2047"]
[BlackElo "2088"]
[PlyCount "96"]
[EventDate "2015.02.15"]
[WhiteTeam "The Rookies"]
[BlackTeam "Broadland Bitterns [1]"]

1. c4 e5 2. Nc3 Nc6 3. g3 g6 4. Bg2 Bg7 5. d3 d6 6. e4 f5 7. exf5 Bxf5 8. Nd5
Qd7 9. Ne2 Nf6 10. Nec3 Nd8 11. Nxf6+ Bxf6 12. Nd5 Bg7 13. Bg5 Ne6 14. Bf6 Nc5
15. Bf1 O-O 16. Bxg7 Kxg7 17. b4 Bg4 18. Be2 Bxe2 19. Qxe2 Ne6 20. Qg4 Qf7 21.
O-O h5 22. Qd1 c6 23. Ne3 Rae8 24. Nc2 Qf5 25. f3 Ng5 26. Ne3 Qh3 27. Ng2 Ne6
28. Rb1 Nd4 29. Rb2 g5 30. Rbf2 Rf6 31. Qd2 Rg6 32. Qe3 Rf8 33. c5 Qd7 34. cxd6
Qxd6 35. a3 Nf5 36. Qxa7 Rf7 37. Rd1 Nd4 38. Rdf1 Rgf6 39. Ne1 g4 40. f4 exf4
41. gxf4 Rxf4 42. Rxf4 Rxf4 43. Qxb7+ Kf6 44. Qc8 Rxf1+ 45. Kxf1 Qf4+ 46. Kg2
Qd2+ 47. Kg3 Qxe1+ 48. Kf4 Qe5# 0-1

[Event "4NCL Division 3s"]
[Site "Daventry Court ENG"]
[Date "2015.02.15"]
[Round "6.58"]
[White "Hughes, Roy"]
[Black "Jaszkiwskyj, Peter"]
[Result "1-0"]
[WhiteElo "2005"]
[BlackElo "1953"]
[PlyCount "161"]
[EventDate "2015.02.15"]
[WhiteTeam "Broadland Bitterns [1]"]
[BlackTeam "The Rookies"]

1. d4 d5 2. Bf4 Nf6 3. e3 c5 4. c3 Qb6 5. Qb3 c4 6. Qc2 Nc6 7. Nd2 g6 8. e4 e6
9. Be2 h5 10. Bf3 Bh6 11. Nh3 Qd8 12. Bxh6 Rxh6 13. e5 Ng8 14. Nf4 Qg5 15. g3
Nge7 16. h4 Qf5 17. O-O-O Qxc2+ 18. Kxc2 Bd7 19. Bg2 Nf5 20. Nf3 Rh8 21. Ng5
Nce7 22. Rde1 a5 23. Bh3 Kf8 24. Bxf5 Nxf5 25. Reg1 Ke7 26. Ng2 b5 27. a3 Rab8
28. Ra1 Rb7 29. Rhb1 Rhb8 30. Nh7 b4 31. axb4 axb4 32. Nf6 bxc3 33. bxc3 Rxb1
34. Rxb1 Ba4+ 35. Kc1 Rxb1+ 36. Kxb1 Kd8 37. Kb2 Ke7 38. Ka3 Bd1 39. Ne3 Bf3
40. Kb4 Nh6 41. Kc5 Ng4 42. Nfxg4 Bxg4 43. Nc2 Kd7 44. Nb4 Bd1 45. Kb5 Kc7 46.
Na6+ Kb7 47. Nc5+ Kc7 48. Ka6 Bc2 49. Nb7 Kd7 50. Kb6 Ke7 51. Kc7 Ba4 52. Nd6
Bc2 53. Nc8+ Ke8 54. Kd6 Ba4 55. Ne7 Bc2 56. Ng8 Bd1 57. Nf6+ Kd8 58. Nh7 Ke8
59. Ng5 Be2 60. Kc5 Ke7 61. Nh7 Bd1 62. Kb4 Kd8 63. Ka3 Bb3 64. Kb2 Ba4 65. Kc1
Kc7 66. f3 Be8 67. g4 hxg4 68. fxg4 Kd8 69. Kd2 Ke7 70. Ke3 Ba4 71. Kf4 Bd1 72.
Kg5 Bc2 73. Nf6 Kf8 74. h5 gxh5 75. gxh5 Kg7 76. Nd7 Bf5 77. Nc5 Bc2 78. Nb7
Bd3 79. Nd6 Bh7 80. h6+ Kf8 81. Kf6 1-0

[Event "4NCL Division 3s"]
[Site "Daventry Court ENG"]
[Date "2015.02.15"]
[Round "6.59"]
[White "Gibson, Christopher A"]
[Black "Moore, Gerald"]
[Result "1/2-1/2"]
[WhiteElo "1985"]
[BlackElo "2121"]
[PlyCount "99"]
[EventDate "2015.02.15"]
[WhiteTeam "The Rookies"]
[BlackTeam "Broadland Bitterns [1]"]

1. e4 c6 2. d4 d5 3. exd5 cxd5 4. c4 Nf6 5. Nc3 g6 6. Qb3 Bg7 7. cxd5 O-O 8.
Be2 Na6 9. Bf3 Qb6 10. Qxb6 axb6 11. Nge2 Nb4 12. O-O Rd8 13. d6 Rxd6 14. Bf4
Rd7 15. Rad1 Nfd5 16. Be5 Rd8 17. Nxd5 Nxd5 18. Bxg7 Kxg7 19. Bxd5 Rxd5 20. Nc3
Rd8 21. Rfe1 Kf8 22. d5 Bf5 23. f3 h5 24. Rd4 Ra5 25. Kf2 Rd6 26. Re2 Rd8 27.
a3 Rc5 28. Rb4 b5 29. Rd2 Be6 30. Rbd4 Bf5 31. Rb4 Be6 32. Rbd4 Bf5 33. d6 exd6
34. Rxd6 Rxd6 35. Rxd6 Rc6 36. Rd5 b4 37. axb4 Rb6 38. b5 Ke8 39. Ke3 Be6 40.
Rd4 Bd7 41. Rd5 Be6 42. Na4 Bxd5 43. Nxb6 Bb3 44. Kd4 Kd8 45. Kc5 Kc7 46. Nc4
Bxc4 47. Kxc4 Kd6 48. Kd4 b6 49. g4 f5 50. gxf5 1/2-1/2

[Event "4NCL Division 3s"]
[Site "Daventry Court ENG"]
[Date "2015.02.15"]
[Round "6.65"]
[White "Buckley, David E"]
[Black "Gostelow, Dave"]
[Result "1-0"]
[WhiteElo "2269"]
[BlackElo "2036"]
[PlyCount "59"]
[EventDate "2015.02.15"]
[WhiteTeam "Downend & Fishponds"]
[BlackTeam "Shropshire"]

1. d4 d5 2. c4 Bf5 3. cxd5 Bxb1 4. Qa4+ c6 5. Rxb1 Qxd5 6. Nf3 Nd7 7. b4 Ngf6
8. e3 b5 9. Qa6 e5 10. dxe5 Ne4 11. Rb3 Rd8 12. Be2 Ndc5 13. bxc5 Nxc5 14.
Qxc6+ Qxc6 15. Bxb5 Qxb5 16. Rxb5 a6 17. Rb6 Ne4 18. O-O a5 19. Bb2 Bc5 20. Rb5
O-O 21. Rxa5 Rb8 22. Bd4 Bb4 23. Ra7 g5 24. h4 g4 25. Ng5 Nd2 26. e6 Nxf1 27.
exf7+ Rxf7 28. Rxf7 h6 29. Rg7+ Kf8 30. Nh7+ 1-0

[Event "4NCL Division 3s"]
[Site "Daventry Court ENG"]
[Date "2015.02.15"]
[Round "6.66"]
[White "Roberts, Colin"]
[Black "Russell, Chris"]
[Result "1/2-1/2"]
[WhiteElo "1924"]
[BlackElo "2089"]
[PlyCount "35"]
[EventDate "2015.02.15"]
[WhiteTeam "Shropshire"]
[BlackTeam "Downend & Fishponds"]

1. c4 e6 2. g3 f5 3. Bg2 Nf6 4. d3 d6 5. b4 Be7 6. Nc3 O-O 7. e3 Qe8 8. Nge2 e5
9. Nd5 Bd8 10. c5 dxc5 11. bxc5 c6 12. Nxf6+ Rxf6 13. O-O Na6 14. d4 e4 15. f3
exf3 16. Bxf3 Be6 17. Nf4 Bc4 18. Be2 1/2-1/2